Những vấn đề mới về pháp lý của công tác giáo dục - đào tạo
Nội dung sách giới thiệu những vấn đề mới về pháp lý trong công tác giáo dục và đào tạo tiểu học, trung học cơ sở và trung học phổ thông, trung tâm giáo dục thường xuyên và trung tâm học tập cộng đồng, trung cấp chuyên nghiệp và dạy nghề...
Zapisane w:
| 1. autor: | |
|---|---|
| Format: | Książka |
| Język: | Undetermined |
| Wydane: |
Hà Nội
Lao động
2011
|
| Hasła przedmiotowe: | |
| Etykiety: |
Dodaj etykietę
Nie ma etykietki, Dołącz pierwszą etykiete!
|
| Thư viện lưu trữ: | Trung tâm Học liệu Trường Đại học Cần Thơ |
|---|
| LEADER | 01123nam a2200217Ia 4500 | ||
|---|---|---|---|
| 001 | CTU_228025 | ||
| 008 | 210402s9999 xx 000 0 und d | ||
| 020 | |c 320000 | ||
| 082 | |a 344.597075 | ||
| 082 | |b H513 | ||
| 100 | |a Nguyễn, Khắc Hùng | ||
| 245 | 0 | |a Những vấn đề mới về pháp lý của công tác giáo dục - đào tạo | |
| 245 | 0 | |c Nguyễn Khắc Hùng | |
| 260 | |a Hà Nội | ||
| 260 | |b Lao động | ||
| 260 | |c 2011 | ||
| 520 | |a Nội dung sách giới thiệu những vấn đề mới về pháp lý trong công tác giáo dục và đào tạo tiểu học, trung học cơ sở và trung học phổ thông, trung tâm giáo dục thường xuyên và trung tâm học tập cộng đồng, trung cấp chuyên nghiệp và dạy nghề, cao đẳng và đại học, sau đại học... | ||
| 650 | |a Luật giáo dục và pháp lý,Educational law and legislation | ||
| 650 | |z Việt Nam,Vietnam | ||
| 910 | |b dqhieu | ||
| 980 | |a Trung tâm Học liệu Trường Đại học Cần Thơ | ||